LEADER 01012nam a2200253 i 4500 001 000000192313 003 CaOOAMICUS 005 20240409123657.0 008 100916s1958 it u000 u fre u 013 $a170886 040 $aSeMil$bita 100 1 $aEhrhard, Marcele.$0(OLS)http://semarc/name/70119 245 13$aLa littérature russe /$cpar. 260 $aParis :$bPresses Universitaires de France,$c1958. 300 $a126 p. ;$c18 cm. 490 0 $aQue sais-je? : collection encyclopédique ;$v290 650 4$aLetteratura russa.$0(OLS)http://semarc/subject/7854 830 0$aQue sais-je? ;$v290.$0(OLS)http://semarc/title/19846 850 $aSeMil 852 $aSeMil$W1$xVenegono$y1$m1R I 137$j247488$B142889$CSeMilBibl$Z2$F154788 $81 961 $aOmaggio: Grampa dott. Cesare 996 $6245$aLa littérature russe$9(OLS)http://semarc/title/277153 996 $6260$aParis :$bPresses Universitaires de France$9(OLS)http://semarc/publisher/30047 LEADER 01389nam a2200313 i 4500 001 000000070965 003 CaOOAMICUS 005 20111221000000.0 008 111221s1999 it u000 u ita u 013 $a42137 020 $a88-15-07261-6 040 $aSeMil$bita 100 1 $aRöthlein, Brigitte.$0(OLS)http://semarc/name/35300 240 10$aMare Tranquillitatis, 20. Juli 1969 : die wissenschaftlich-technische Revolution.$0(OLS)http://semarc/title/114056 245 10$aMare tranquillitatis, 20 luglio 1969 :$bla rivoluzione della tecnica /$cBrigitte Röthlein. 260 $aBologna :$bIl Mulino,$ccopyr. 1999. 300 $a300 p. ;$c22 cm. 490 0 $aGiorni nel 20. secolo 490 0 $aBiblioteca storica 500 $aContiene : Letture consigliate. 650 4$aScienze - Storia - Sec. 20.$0(OLS)http://semarc/subject/14174 830 0$aGiorni nel 20. secolo.$0(OLS)http://semarc/title/580 830 0$aBiblioteca storica.$0(OLS)http://semarc/title/9383 850 $aSeMil 852 $aSeMil$W1$xVenegono$y1$m3T VI 195$j37118$B37118$CSeMilBibl$Z2$F37121 $81 961 $aAcquisto: Casa editrice 996 $6020$a88-15-07261-6$9(OLS)http://semarc/number/49865 996 $6245$aMare tranquillitatis, 20 luglio 1969 :$bla rivoluzione della tecnica$9(OLS)http://semarc/title/114055 996 $6260$aBologna :$bIl Mulino$9(OLS)http://semarc/publisher/29842